Comptez-les ! - Statistiques

Statistiques générales
  • Ce quiz a été pris 200 fois
  • Le résultat moyen est 8 sur 27
Statistiques - réponses
Compte % Correct
çççç 4
58%
%%%%%% 6
56%
$$$$ 4
48%
&&&&& 5
48%
GGGG 4
44%
QQQQQ 5
44%
NNN 3
42%
EE 2
41%
\\\\\ 5
41%
YYYYY 5
41%
IIII 4
40%
===== 5
39%
>>> 3
38%
°°°° 4
38%
77777 5
38%
****** 6
38%
aaaaaa 6
38%
DDDDD 5
37%
YYYYY 5
36%
,, 2
35%
ZZZ 3
34%
@@@@@ 5
34%
''''' 5
34%
OOO 3
33%
WWWWW 5
32%
HHHHHH 6
32%
???????? 8
32%
¤¤¤¤¤¤¤¤¤ 9
32%
eeeeee 6
31%
|||||||| 8
31%
ssssss 6
30%
(((((((( 8
30%
ttttttttt 9
30%
jjjjj 5
29%
++++++ 6
29%
^^^^^^^^ 8
29%
````````` 9
29%
²²²²²²²²² 9
29%
mmmmm 5
28%
}}}}} 5
28%
ffffff 6
27%
)))))))) 8
27%
//////// 8
25%
11111111 8
25%
RRRRRRRRR 9
25%
AAAAAAAA 8
24%
<<<<<<<<< 9
24%
###### 6
23%
{{{{{{{ 7
23%
TTTTTTTTT 9
23%
rrrrrrrr 8
22%
0000000 7
21%
~~~~~~~~~ 9
21%
µµµµµµµ 7
19%
......... 9
18%
§§§§§§§§ 8
17%
!!!!!!!!! 9
15%
oooooooo 8
14%
::::::: 7
10%
-------- 8
10%
Aucun quiz correspondant
Distribution des résultats
% des personnes avec chaque résultat
Percentile par nombre de réponses
Votre historique - résultats
Vous n’avez pas pris ce quiz